[Event "CZE-chT2A 2223"]
[Site "Czech Republic"]
[Date "2022.11.06"]
[Round "2.4"]
[White "Herejk, Petr"]
[Black "Hausner, Ivan"]
[Result "0-1"]
[WhiteElo "2132"]
[BlackElo "2274"]
[PlyCount "82"]
[EventDate "2022.10.16"]
[EventType "team-tourn"]
[EventRounds "11"]
[EventCountry "CZE"]
[SourceTitle "EXT 2024"]
[Source "ChessBase"]
[SourceDate "2023.10.10"]
[SourceVersion "1"]
[SourceVersionDate "2023.10.10"]
[SourceQuality "1"]
[WhiteTeam "Plzen"]
[BlackTeam "Pisek"]
[WhiteTeamCountry "CZE"]
[BlackTeamCountry "CZE"]

1. e4 c5 2. Nf3 d6 3. d4 cxd4 4. Nxd4 Nf6 5. Nc3 Nc6 6. Bg5 e6 7. Qd2 a6 8. 0-0-0 Bd7 9. f4 Be7 10. Nf3 b5 11. Bxf6 gxf6 12. f5 Qb6 13. g3 0-0-0 14. Bh3 Kb8 15. Kb1 b4 16. Ne2 e5 17. c4 Bc8 18. g4 Bb7 19. Ng3 Rhg8 20. Rhe1 a5 21. Qe3 Qxe3 22. Rxe3 Ka7 23. Red3 Nb8 24. Ne1 Na6 25. Re3 Nc5 26. Nd3 Kb6 27. Nxc5 dxc5 28. Red3 Rd4 29. b3 Bc6 30. Rxd4 exd4 31. Re1 Bd6 32. Nh5 Be5 33. Kc2 a4 34. Kd3 axb3 35. axb3 Ra8 36. Re2 Ra1 37. Rb2 Re1 38. Bg2 Re3+ 39. Kd2 Bxe4 40. Bf1 Rf3 41. Ke1 d3 0-1

[Event "Pilsen Region-chT 2223"]
[Site "Czech Republic"]
[Date "2022.10.30"]
[Round "2.2"]
[White "Liska, Karel"]
[Black "Hausner, Ivan"]
[Result "0-1"]
[WhiteElo "1930"]
[BlackElo "2266"]
[PlyCount "92"]
[EventDate "2022.10.09"]
[EventType "team-tourn"]
[EventRounds "11"]
[EventCountry "CZE"]
[SourceTitle "EXT 2024"]
[Source "ChessBase"]
[SourceDate "2023.10.10"]
[SourceVersion "1"]
[SourceVersionDate "2023.10.10"]
[SourceQuality "1"]
[WhiteTeam "Plzen Kosutka"]
[BlackTeam "Dvorec"]
[WhiteTeamCountry "CZE"]
[BlackTeamCountry "CZE"]

1. e4 c5 2. Nf3 e6 3. d4 cxd4 4. Nxd4 Nf6 5. Nc3 d6 6. Be3 Nc6 7. Be2 Be7 8. 0-0 0-0 9. Qd2 a6 10. f4 Qc7 11. Nb3 b5 12. a3 Bb7 13. Bf3 Rfd8 14. Qf2 Nd7 15. Rad1 Rac8 16. f5 Nce5 17. fxe6 fxe6 18. Be2 Rf8 19. Qg3 Rxf1+ 20. Rxf1 Rf8 21. Qh3 Rxf1+ 22. Kxf1 Nf8 23. Nd4 Bc8 24. Qg3 Nfg6 25. Qf2 Nc4 26. Bxc4 Qxc4+ 27. Qe2 Ne5 28. h3 Bf6 29. Nd1 Bb7 30. b3 Qxe2+ 31. Kxe2 Bxe4 32. g4 Kf7 33. Nf2 Bb7 34. Nd3 Nxd3 35. Kxd3 g6 36. g5 Be7 37. b4 e5 38. Nb3 Bg2 39. h4 Ke6 40. Nd2 Bf8 41. c4 bxc4+ 42. Kxc4 d5+ 43. Kd3 d4 44. Bg1 Kd5 45. Ke2 e4 46. Nb3 e3 0-1

[Event "Pilsen Region-chT 2223"]
[Site "Czech Republic"]
[Date "2022.10.09"]
[Round "1.1"]
[White "Kriz, Lubos"]
[Black "Hausner, Ivan"]
[Result "1-0"]
[WhiteElo "2061"]
[BlackElo "2266"]
[PlyCount "105"]
[EventDate "2022.10.09"]
[EventType "team-tourn"]
[EventRounds "11"]
[EventCountry "CZE"]
[SourceTitle "EXT 2024"]
[Source "ChessBase"]
[SourceDate "2023.10.10"]
[SourceVersion "1"]
[SourceVersionDate "2023.10.10"]
[SourceQuality "1"]
[WhiteTeam "HerNyr"]
[BlackTeam "Dvorec"]
[WhiteTeamCountry "CZE"]
[BlackTeamCountry "CZE"]

1. c4 e6 2. d4 Nf6 3. Nf3 b6 4. g3 Ba6 5. Qc2 d5 6. cxd5 exd5 7. Bg2 Be7 8. 0-0 0-0 9. Rd1 c5 10. Nc3 Nc6 11. Bg5 Rc8 12. dxc5 Nb4 13. Qa4 Bxc5 14. a3 b5 15. Qb3 Bxf2+ 16. Kxf2 Ng4+ 17. Kf1 Qb6 18. e3 Nc2 19. Qxc2 b4+ 20. Kg1 bxc3 21. bxc3 h6 22. Bf4 g5 23. Qf5 Nxe3 24. Bxe3 Qxe3+ 25. Kh1 Rxc3 26. Nd4 Rxa3 27. Qf6 Rxa1 28. Rxa1 Bd3 29. Nf5 Bxf5 30. Qxf5 d4 31. Be4 Rd8 32. Qh7+ Kf8 33. Qxh6+ Ke7 34. Rxa7+ Rd7 35. Rxd7+ Kxd7 36. Qc6+ Ke7 37. Qc2 Kf6 38. Kg2 Qc3 39. Qf2+ Kg7 40. Qf5 Qd2+ 41. Kh3 Qe3 42. Bd5 Qe7 43. Kg4 f6 44. Be4 Kf8 45. Kh5 Qf7+ 46. Qg6 Qg7 47. Qxg7+ Kxg7 48. Bg6 Kf8 49. Kh6 Ke7 50. Bf5 Kd6 51. Kg6 Ke5 52. h4 gxh4 53. gxh4 1-0

[Event "EU-Cup 37th"]
[Site "Mayrhofen"]
[Date "2022.10.03"]
[Round "1.6"]
[White "Hausner, Ivan"]
[Black "Fedorchuk, Sergey A"]
[Result "0-1"]
[WhiteElo "2266"]
[BlackElo "2619"]
[PlyCount "158"]
[EventDate "2022.10.03"]
[EventType "team-swiss"]
[EventRounds "7"]
[EventCountry "AUT"]
[SourceTitle "CBM 210 Extra"]
[Source "ChessBase"]
[SourceDate "2022.11.30"]
[SourceVersion "1"]
[SourceVersionDate "2022.11.30"]
[SourceQuality "1"]
[WhiteTeam "Zell/Zillertal"]
[BlackTeam "Viernheim"]
[WhiteTeamCountry "AUT"]
[BlackTeamCountry "GER"]

1. d4 Nf6 2. c4 e6 3. g3 d5 4. Nf3 Bb4+ 5. Bd2 Be7 6. Bg2 0-0 7. 0-0 c6 8. Qc2 Nbd7 9. Bf4 a5 10. b3 Nh5 11. Bd2 f5 12. Nc3 Bd6 13. Rad1 Qe8 14. e3 Nhf6 15. Ne1 Qh5 16. f4 Ne4 17. Nd3 Nxd2 18. Qxd2 Kh8 19. c5 Bc7 20. a3 b6 21. cxb6 Nxb6 22. Nc5 Bd6 23. Bf3 Qf7 24. Be2 Bxc5 25. dxc5 Nd7 26. b4 Ba6 27. Qd4 Bxe2 28. Nxe2 Nf6 29. Rb1 axb4 30. axb4 Qh5 31. Qd2 Ra3 32. Nd4 Ne4 33. Qd1 Qh3 34. Rb2 Rxe3 35. Rf3 Qh5 36. Qf1 Rxf3 37. Qxf3 Qe8 38. Ra2 h6 39. Qe3 e5 40. fxe5 Qxe5 41. Nxc6 Qc7 42. Nd4 f4 43. gxf4 Rxf4 44. Ne6 Rg4+ 45. Rg2 Rxg2+ 46. Kxg2 Qd7 47. Nf4 Qg4+ 48. Kf1 Qf5 49. Kg2 d4 50. Qf3 Ng5 51. Qf2 Qe4+ 52. Kg3 d3 53. h4 Nf7 54. Ng2 Ne5 55. Ne3 Ng6 56. h5 Qh4+ 57. Kf3 Qf6+ 58. Kg2 Nf4+ 59. Kh2 Qe5 60. c6 Qxh5+ 61. Kg3 Ne2+ 62. Kg2 Qg6+ 63. Kf1 Qxc6 64. Qf8+ Kh7 65. Qf5+ Kh8 66. Qf8+ Kh7 67. Qf5+ Kg8 68. Qxd3 Ng3+ 69. Ke1 Qh1+ 70. Kd2 Ne4+ 71. Kc2 Qh2+ 72. Kb3 Qf4 73. Qd4 Qf7+ 74. Kc2 Qg6 75. b5 Nd6+ 76. Kd2 Qe6 77. b6 h5 78. Qb4 Qd7 79. Qd4 Nc4+ 0-1

[Event "AUT-chT2W 2223"]
[Site "Austria"]
[Date "2022.09.23"]
[Round "1.4"]
[White "Hausner, Ivan"]
[Black "Maras, Houssni"]
[Result "1-0"]
[WhiteElo "2266"]
[BlackElo "1999"]
[PlyCount "41"]
[EventDate "2022.09.23"]
[EventType "team-tourn"]
[EventRounds "11"]
[EventCountry "AUT"]
[SourceTitle "CBM 210 Extra"]
[Source "ChessBase"]
[SourceDate "2022.11.30"]
[SourceVersion "1"]
[SourceVersionDate "2022.11.30"]
[SourceQuality "1"]
[WhiteTeam "Mayrhofen/Zillertal"]
[BlackTeam "Pradl"]
[WhiteTeamCountry "AUT"]
[BlackTeamCountry "AUT"]

1. d4 Nf6 2. c4 g6 3. Nc3 Bg7 4. e4 d6 5. f4 c5 6. d5 a6 7. a4 0-0 8. Nf3 a5 9. Bd3 Na6 10. 0-0 Nb4 11. Bb1 Nd7 12. Qe1 e5 13. f5 h6 14. Nb5 Qb6 15. Qh4 g5 16. Bxg5 hxg5 17. Nxg5 Nf6 18. Ra3 Rd8 19. Rg3 Kf8 20. Nh7+ Nxh7 21. f6 1-0

[Event "Bodenmais op"]
[Site "Bodenmais"]
[Date "2022.08.01"]
[Round "3"]
[White "Hausner, Ivan"]
[Black "Hittinger, Christian"]
[Result "1-0"]
[WhiteElo "2290"]
[BlackElo "1997"]
[PlyCount "57"]
[EventDate "2022.07.30"]
[EventType "swiss"]
[EventRounds "9"]
[EventCountry "GER"]
[SourceTitle "CBM 209 Extra"]
[Source "ChessBase"]
[SourceDate "2022.09.30"]
[SourceVersion "1"]
[SourceVersionDate "2022.09.30"]
[SourceQuality "1"]

1. c4 Nf6 2. Nf3 g6 3. Nc3 Bg7 4. e4 d6 5. d4 0-0 6. Be2 Nbd7 7. Be3 c5 8. d5 h6 9. Bf4 Qa5 10. Nd2 a6 11. a4 Kh7 12. 0-0 Ng8 13. Qc2 Ne5 14. Bg3 f5 15. f4 Ng4 16. Bxg4 fxg4 17. Rae1 Bd7 18. e5 Bf5 19. Nde4 Qb4 20. b3 Qb6 21. Nd1 Qc7 22. Ne3 Qd8 23. Nxf5 gxf5 24. Nf2 h5 25. Bh4 Qa5 26. h3 Kh8 27. Nh1 Kh7 28. Ng3 Kg6 29. exd6 1-0

[Event "Klatovy op 28th"]
[Site "Klatovy"]
[Date "2022.07.06"]
[Round "5"]
[White "Hausner, Ivan"]
[Black "Eret, Matous"]
[Result "1/2-1/2"]
[WhiteElo "2290"]
[BlackElo "2273"]
[PlyCount "57"]
[EventDate "2022.07.02"]
[EventType "swiss"]
[EventRounds "9"]
[EventCountry "CZE"]
[SourceTitle "EXT 2023"]
[Source "ChessBase"]
[SourceDate "2022.10.05"]
[SourceVersion "1"]
[SourceVersionDate "2022.10.05"]
[SourceQuality "1"]

1. d4 d5 2. c4 e6 3. Nf3 Nf6 4. g3 c5 5. cxd5 exd5 6. Bg2 Nc6 7. 0-0 Be7 8. dxc5 Bxc5 9. b3 0-0 10. Nc3 Bg4 11. Bb2 a6 12. Rc1 Ba7 13. h3 Bh5 14. e3 Re8 15. Ne2 Ne4 16. Nf4 Bxf3 17. Bxf3 d4 18. exd4 Bxd4 19. Bxd4 Qxd4 20. Qxd4 Nxd4 21. Bxe4 Rxe4 22. Rc7 b5 23. Rd1 g6 24. Nd5 Kg7 25. Nc3 Ne2+ 26. Nxe2 Rxe2 27. Rdd7 Rf8 28. a4 bxa4 29. bxa4 1/2-1/2

[Event "Klatovy op 28th"]
[Site "Klatovy"]
[Date "2022.07.04"]
[Round "3"]
[White "Hausner, Ivan"]
[Black "Jun, Rudolf"]
[Result "1-0"]
[WhiteElo "2290"]
[BlackElo "2134"]
[PlyCount "120"]
[EventDate "2022.07.02"]
[EventType "swiss"]
[EventRounds "9"]
[EventCountry "CZE"]
[SourceTitle "EXT 2023"]
[Source "ChessBase"]
[SourceDate "2022.10.05"]
[SourceVersion "1"]
[SourceVersionDate "2022.10.05"]
[SourceQuality "1"]

1. g3 d5 2. Bg2 g6 3. Nf3 Bg7 4. 0-0 c5 5. d3 Nc6 6. Nbd2 Nf6 7. e4 0-0 8. Re1 dxe4 9. dxe4 Bg4 10. h3 Bxf3 11. Bxf3 e5 12. c3 Qd7 13. Kg2 Rad8 14. Qe2 Qd3 15. Qxd3 Rxd3 16. Be2 Rd6 17. Bb5 Na5 18. Nc4 Nxc4 19. Bxc4 Rfd8 20. f3 Ne8 21. Be3 b6 22. a4 a5 23. Kf2 Nc7 24. Ke2 Kf8 25. Red1 Rxd1 26. Rxd1 Rxd1 27. Kxd1 Bf6 28. b4 Be7 29. bxa5 bxa5 30. Kc2 Na8 31. Bb5 Nb6 32. c4 Na8 33. Bd2 Bd8 34. Bc6 Nc7 35. Bxa5 Ke7 36. Bd5 f6 37. Bc3 Kd6 38. Kb3 Na6 39. a5 Nc7 40. f4 exf4 41. gxf4 f5 42. Be5+ Kd7 43. Bb7 Ne6 44. exf5 Nd4+ 45. Bxd4 cxd4 46. a6 Kc7 47. fxg6 hxg6 48. c5 Be7 49. Be4 Bxc5 50. Kc4 Kd6 51. Bxg6 Ba7 52. h4 Ke6 53. h5 Kf6 54. Bd3 Kg7 55. Kd5 Kf6 56. h6 Kf7 57. f5 Kg8 58. f6 Kh8 59. f7 Bc5 60. a7 Bf8 1-0

[Event "Klatovy op 28th"]
[Site "Klatovy"]
[Date "2022.07.02"]
[Round "1"]
[White "Hausner, Ivan"]
[Black "Pick, Stepan"]
[Result "1-0"]
[WhiteElo "2290"]
[BlackElo "1952"]
[PlyCount "99"]
[EventDate "2022.07.02"]
[EventType "swiss"]
[EventRounds "9"]
[EventCountry "CZE"]
[SourceTitle "EXT 2023"]
[Source "ChessBase"]
[SourceDate "2022.10.05"]
[SourceVersion "1"]
[SourceVersionDate "2022.10.05"]
[SourceQuality "1"]

1. e4 e6 2. d4 d5 3. Nd2 c5 4. Ngf3 Nc6 5. Bb5 a6 6. exd5 axb5 7. dxc6 bxc6 8. Ne4 cxd4 9. 0-0 Be7 10. Nxd4 Ra4 11. c3 e5 12. b3 Ra6 13. Nf3 Qxd1 14. Rxd1 Bg4 15. Re1 Bxf3 16. gxf3 Nf6 17. Nxf6+ Bxf6 18. f4 e4 19. Rxe4+ Kd7 20. Bb2 Rd8 21. Rd1+ Kc8 22. Rxd8+ Kxd8 23. a3 Ra7 24. Kf1 Be7 25. b4 Bf6 26. Ke2 Rd7 27. Re3 Rd5 28. c4 bxc4 29. Bxf6+ gxf6 30. Rc3 Rh5 31. Rxc4 Kd7 32. Rc5 Rxh2 33. Ra5 Rh3 34. Ra7+ Ke6 35. f3 Rh2+ 36. Kd3 Ra2 37. Ke4 f5+ 38. Kd4 h5 39. Ra6 Kd7 40. Ke5 h4 41. Ra7+ Ke8 42. Kxf5 h3 43. Ra8+ Ke7 44. Ra7+ Ke8 45. Kf6 h2 46. Ra8+ Kd7 47. Rh8 Rxa3 48. Rxh2 Rb3 49. Rd2+ Kc7 50. Rd4 1-0

[Event "AUT-chT2W 2122"]
[Site "Austria"]
[Date "2022.06.03"]
[Round "6.5"]
[White "Fasel, Joerg"]
[Black "Hausner, Ivan"]
[Result "1/2-1/2"]
[WhiteElo "1808"]
[BlackElo "2335"]
[PlyCount "59"]
[EventDate "2021.10.15"]
[EventType "team-tourn"]
[EventRounds "11"]
[EventCountry "AUT"]
[SourceTitle "EXT 2023"]
[Source "ChessBase"]
[SourceDate "2022.10.05"]
[SourceVersion "1"]
[SourceVersionDate "2022.10.05"]
[SourceQuality "1"]
[WhiteTeam "Kufstein/Woergl"]
[BlackTeam "Mayrhofen/Zillertal"]
[WhiteTeamCountry "AUT"]
[BlackTeamCountry "AUT"]

1. d4 e6 2. c4 b6 3. Nc3 Bb7 4. e4 Bb4 5. Bd3 f5 6. f3 Qh4+ 7. g3 Qh5 8. exf5 Nf6 9. Kf2 0-0 10. Nce2 Nc6 11. Nf4 Qe8 12. Nge2 e5 13. d5 exf4 14. dxc6 Bxc6 15. Nxf4 Qe5 16. Qe2 Qd6 17. Rd1 Rae8 18. Qc2 Bc5+ 19. Kg2 Qe5 20. Bd2 Qd4 21. Bc3 Qe3 22. Rf1 Ng4 23. Nd5 Bxd5 24. cxd5 Ne5 25. Be4 Qh6 26. Rae1 Nc4 27. Bxg7 Qxg7 28. Qxc4 Qxb2+ 29. Re2 Qd4 30. Qb3 1/2-1/2

[Event "CZE-chT 2122"]
[Site "Czech Republic"]
[Date "2022.01.29"]
[Round "7.1"]
[White "Jirovsky, Milos"]
[Black "Hausner, Ivan"]
[Result "1-0"]
[WhiteElo "2452"]
[BlackElo "2322"]
[PlyCount "85"]
[EventDate "2021.10.15"]
[EventType "team-tourn"]
[EventRounds "15"]
[EventCountry "CZE"]
[SourceTitle "EXT 2023"]
[Source "ChessBase"]
[SourceDate "2022.10.05"]
[SourceVersion "1"]
[SourceVersionDate "2022.10.05"]
[SourceQuality "1"]
[WhiteTeam "Pardubice"]
[BlackTeam "Praha Dopravni Podnik"]
[WhiteTeamCountry "CZE"]
[BlackTeamCountry "CZE"]

1. Nf3 c5 2. c4 Nc6 3. Nc3 Nf6 4. g3 g6 5. Bg2 Bg7 6. d4 cxd4 7. Nxd4 0-0 8. 0-0 Nxd4 9. Qxd4 d6 10. Qd3 Qa5 11. Nb5 a6 12. Bd2 Qb6 13. Nc3 Bf5 14. e4 Be6 15. b3 Qc5 16. Rac1 Qh5 17. Nd5 Nxd5 18. exd5 Bd7 19. Rfe1 Rfe8 20. b4 Rad8 21. Qe3 Bh3 22. Bh1 Qf5 23. Be4 Qd7 24. c5 e6 25. c6 bxc6 26. dxc6 Qc7 27. Qf4 e5 28. Qf3 Be6 29. Bd5 Qb6 30. a4 Qd4 31. Bxe6 fxe6 32. Bg5 Rc8 33. Qb3 d5 34. Be3 Qg4 35. b5 d4 36. Bd2 e4 37. b6 e3 38. fxe3 Be5 39. exd4 Bxd4+ 40. Be3 Qf3 41. c7 Be5 42. b7 Bxg3 43. Qxe6+ 1-0

[Event "Bad Griesbach Seniors op 23rd"]
[Site "Bad Griesbach"]
[Date "2021.11.15"]
[Round "2"]
[White "Mueller, Rudolf"]
[Black "Hausner, Ivan"]
[Result "1/2-1/2"]
[WhiteElo "2093"]
[BlackElo "2327"]
[PlyCount "23"]
[EventDate "2021.11.14"]
[EventType "swiss"]
[EventRounds "7"]
[EventCountry "GER"]
[SourceTitle "EXT 2024"]
[Source "ChessBase"]
[SourceDate "2023.10.10"]
[SourceVersion "1"]
[SourceVersionDate "2023.10.10"]
[SourceQuality "1"]

1. e4 c5 2. Nf3 d6 3. d4 cxd4 4. Nxd4 Nf6 5. Nc3 Nc6 6. Nxc6 bxc6 7. Bd3 g6 8. 0-0 Bg7 9. Qe1 0-0 10. f4 Rb8 11. Qh4 Qa5 12. f5 1/2-1/2

[Event "Bad Griesbach Seniors op 23rd"]
[Site "Bad Griesbach"]
[Date "2021.11.14"]
[Round "1"]
[White "Hausner, Ivan"]
[Black "Koenigl, Anton"]
[Result "1-0"]
[WhiteElo "2327"]
[BlackElo "1844"]
[PlyCount "87"]
[EventDate "2021.11.14"]
[EventType "swiss"]
[EventRounds "7"]
[EventCountry "GER"]
[SourceTitle "EXT 2024"]
[Source "ChessBase"]
[SourceDate "2023.10.10"]
[SourceVersion "1"]
[SourceVersionDate "2023.10.10"]
[SourceQuality "1"]

1. c4 c5 2. Nc3 Nc6 3. Nf3 g6 4. e3 Bg7 5. d4 cxd4 6. exd4 d6 7. d5 Ne5 8. Nxe5 Bxe5 9. Be2 Bg7 10. Be3 Nf6 11. 0-0 0-0 12. Re1 Re8 13. Qd2 Ng4 14. Bd4 Nf6 15. a4 Bd7 16. a5 Qc7 17. Qe3 a6 18. Bb6 Qc8 19. h3 e6 20. Qd2 e5 21. Rac1 Bf5 22. b4 e4 23. Bd4 Qd7 24. Qe3 h5 25. Bd1 Qe7 26. Na4 Nd7 27. Bxg7 Kxg7 28. c5 Rac8 29. Nb6 Nxb6 30. axb6 Qd7 31. c6 bxc6 32. Qc3+ f6 33. dxc6 Qd8 34. c7 Qd7 35. b7 Qb5 36. bxc8Q Bxc8 37. Be2 Qg5 38. Qe3 Qe5 39. Red1 Re7 40. Qd4 Rd7 41. Qxe5 fxe5 42. Rc6 Bb7 43. Rcxd6 Rxc7 44. Rd7+ 1-0

[Event "WchT Seniors 65"]
[Site "Prague"]
[Date "2020.03.12"]
[Round "7.2"]
[White "Hausner, Ivan"]
[Black "Hohler, Peter"]
[Result "1-0"]
[WhiteElo "2339"]
[BlackElo "2057"]
[PlyCount "93"]
[EventDate "2020.03.06"]
[EventType "team-swiss"]
[EventRounds "7"]
[EventCountry "CZE"]
[SourceTitle "CBM 195 Extra"]
[Source "ChessBase"]
[SourceDate "2020.05.31"]
[SourceVersion "1"]
[SourceVersionDate "2020.05.31"]
[SourceQuality "1"]
[WhiteTeam "Czech Republic 65"]
[BlackTeam "Switzerland 65"]
[WhiteTeamCountry "CZE"]
[BlackTeamCountry "SUI"]

1. c4 Nf6 2. Nc3 e6 3. d4 Bb4 4. f3 d5 5. a3 Bxc3+ 6. bxc3 c5 7. cxd5 exd5 8. e3 0-0 9. Bd3 Re8 10. Ne2 b6 11. 0-0 Bb7 12. g4 Ba6 13. Bxa6 Nxa6 14. Ng3 Nc7 15. Ra2 Rc8 16. Rg2 Ne6 17. Nf5 cxd4 18. cxd4 Rc7 19. Bd2 a5 20. g5 Nd7 21. Qb3 Qa8 22. a4 Nef8 23. Bc1 Qc6 24. Ba3 Qe6 25. Qd3 Rd8 26. Rc2 Rxc2 27. Qxc2 g6 28. Nh6+ Kg7 29. e4 f6 30. Bc1 Qd6 31. gxf6+ Qxf6 32. Ng4 Qd6 33. Qb3 Ne6 34. Qxd5 Qxd5 35. exd5 Nc7 36. Bg5 Re8 37. d6 Nd5 38. Ne5 N5f6 39. Rc1 Re6 40. Rc7 Rxd6 41. Bxf6+ Kxf6 42. Rxd7 Ke6 43. Rxd6+ Kxd6 44. Kf2 b5 45. axb5 a4 46. b6 a3 47. Nc4+ 1-0

[Event "WchT Seniors 65"]
[Site "Prague"]
[Date "2020.03.08"]
[Round "3.2"]
[White "Hausner, Ivan"]
[Black "Khanukov, Boris"]
[Result "1-0"]
[WhiteElo "2339"]
[BlackElo "2293"]
[PlyCount "123"]
[EventDate "2020.03.06"]
[EventType "team-swiss"]
[EventRounds "7"]
[EventCountry "CZE"]
[SourceTitle "CBM 195 Extra"]
[Source "ChessBase"]
[SourceDate "2020.05.31"]
[SourceVersion "1"]
[SourceVersionDate "2020.05.31"]
[SourceQuality "1"]
[WhiteTeam "Czech Republic 65"]
[BlackTeam "Germany 65 II"]
[WhiteTeamCountry "CZE"]
[BlackTeamCountry "GER"]

1. d4 Nf6 2. c4 e6 3. g3 c5 4. Nf3 cxd4 5. Nxd4 Nc6 6. Bg2 Bb4+ 7. Nc3 0-0 8. 0-0 d5 9. cxd5 exd5 10. Bg5 Be7 11. Rc1 h6 12. Be3 Be6 13. Nxc6 bxc6 14. Na4 Qd7 15. Bc5 Rfc8 16. Qd4 Bf5 17. Bxe7 Qxe7 18. e3 Rab8 19. Nc5 Rb6 20. b3 Rcb8 21. Na4 Rb4 22. Qc5 Qxc5 23. Nxc5 Bc8 24. Rfd1 Kf8 25. Rc3 Ke7 26. Rdc1 Kd6 27. Na6 Bxa6 28. Rxc6+ Ke7 29. Rxa6 R8b7 30. Rc5 Rd7 31. Bh3 Rdb7 32. Rca5 d4 33. exd4 Rxd4 34. Rxa7 Rd1+ 35. Kg2 Rxa7 36. Rxa7+ Ke8 37. Ra4 Rd2 38. Bg4 Nxg4 39. Rxg4 Rxa2 40. Rxg7 Kf8 41. Rg4 Rb2 42. b4 Rb3 43. Rf4 Kg7 44. h4 Kg6 45. Kf1 f5 46. Ke2 Kf6 47. g4 Kg7 48. Rxf5 Rxb4 49. f3 Rb3 50. Kf2 Kg6 51. Kg3 Rb4 52. Re5 Kf6 53. Ra5 Kg6 54. Ra6+ Kg7 55. g5 hxg5 56. hxg5 Rc4 57. f4 Rb4 58. Kg4 Rc4 59. Rd6 Rc5 60. Rd7+ Kg6 61. f5+ Rxf5 62. Rd6+ 1-0

[Event "WchT Seniors 65"]
[Site "Prague"]
[Date "2020.03.06"]
[Round "1.3"]
[White "Hausner, Ivan"]
[Black "Janda, Zdenek"]
[Result "1-0"]
[WhiteElo "2339"]
[BlackElo "2065"]
[PlyCount "113"]
[EventDate "2020.03.06"]
[EventType "team-swiss"]
[EventRounds "7"]
[EventCountry "CZE"]
[SourceTitle "CBM 195 Extra"]
[Source "ChessBase"]
[SourceDate "2020.05.31"]
[SourceVersion "1"]
[SourceVersionDate "2020.05.31"]
[SourceQuality "1"]
[WhiteTeam "Czech Republic 65"]
[BlackTeam "Czech Republic 65 III"]
[WhiteTeamCountry "CZE"]
[BlackTeamCountry "CZE"]

1. d4 c5 2. d5 e5 3. e4 d6 4. Bd3 g6 5. Nc3 Na6 6. Nf3 Rb8 7. 0-0 Bd7 8. a4 Bg7 9. Nb5 Qe7 10. Nd2 Nb4 11. Be2 a6 12. Na3 a5 13. Nb5 Nf6 14. c3 Na6 15. Qc2 0-0 16. Nc4 Ne8 17. Nxa5 f5 18. f3 f4 19. Nc4 g5 20. Bd2 Rf6 21. Nb6 Rh6 22. Nxd7 Qxd7 23. Na3 Nf6 24. Nc4 Kh8 25. b4 Rg8 26. Qd3 Bf8 27. h3 Rgg6 28. Rf2 Rh4 29. Kf1 g4 30. fxg4 Nxg4 31. Bxg4 Rgxg4 32. Be1 Rg8 33. b5 Nc7 34. Nd2 Rh6 35. c4 Be7 36. Nf3 Rhg6 37. Rb2 Ne8 38. a5 Nf6 39. Raa2 Nh5 40. a6 b6 41. a7 Ra8 42. Ra6 Bd8 43. Rba2 Ng3+ 44. Bxg3 Rxg3 45. Qe2 Qe8 46. Kg1 Rg7 47. Nh2 Rg3 48. R2a3 Qf7 49. Rxg3 fxg3 50. Nf1 Rxa7 51. Nxg3 Bg5 52. Nf5 Rxa6 53. bxa6 Qd7 54. Qa2 Qa7 55. Qa4 h6 56. Qe8+ Kh7 57. Qc8 1-0